Statistics for Every country that has a monarchy

Click here to take the quiz!

General Stats

  • This quiz has been taken 28 times
  • The average score is 28 of 41

Answer Stats

Country% Correct
?Spain
96%
?Japan
92%
?U.K.
92%
?Australia
88%
?Belgium
88%
?Saudi Arabia
88%
?Canada
85%
?Denmark
85%
?Netherlands
85%
?Norway
85%
?Sweden
85%
?Liechtenstein
81%
?New Zealand
81%
?Oman
81%
?Qatar
81%
?Andorra
77%
?Luxembourg
77%
?Monaco
77%
?U.A.E.
77%
?Bahrain
73%
?Bhutan
73%
?Morocco
73%
?Thailand
73%
?Kuwait
69%
?Jordan
65%
?Eswatini
62%
?Antigua & Barbuda
54%
?Bahamas
54%
?Cambodia
54%
?Lesotho
54%
?St. Kitts & Nevis
54%
?St. Vincent and the Grenadines
54%
?St. Lucia
50%
?Tonga
50%
?Jamaica
46%
?Malaysia
46%
?Solomon Islands
46%
?Belize
42%
?Grenada
42%
?Tuvalu
42%
?Papua New Guinea
35%

Score Distribution

Percentile by Number Answered

Percent of People with Each Score

Your Score History

You have not taken this quiz